000
00280nam a2200109Ia 4500
005
20251222143129.0
008
251222s9999||||xx |||||||||||||| ||spa||
082
_a
305.908.24/C81
245
0
_a
Enfermos Mentales de la Calle
264
_b
Conferencia Episcopal Peruana
942
_c
LIB
999
_c
11836
_d
11836